[Event "2nd Kolkata GM Open 2015"]
[Site "Kolkata IND"]
[Date "2015.03.21"]
[Round "6.11"]
[White "Kovalev, Vladislav"]
[Black "Shyam, Nikil P."]
[Result "1-0"]
[WhiteTitle "GM"]
[BlackTitle "IM"]
[WhiteElo "2531"]
[BlackElo "2417"]
[WhiteFideId "13504398"]
[BlackFideId "5024218"]
[EventDate "2015.03.16"]

1. d4 Nf6 2. Nc3 d5 3. Bf4 a6 4. e3 e6 5. Nf3 c5 6. dxc5 Bxc5 7. Bd3 Nc6 8. a3
h6 9. e4 g5 10. Bg3 d4 11. Ne2 Nh5 12. Ne5 Nxg3 13. Nxc6 bxc6 14. hxg3 Rb8 15.
b3 Qd6 16. a4 Bb4+ 17. Kf1 a5 18. Bc4 e5 19. Qd3 Qg6 20. g4 Bxg4 21. Nxd4 Qf6
22. Qg3 Bd7 23. Rd1 Ke7 24. Nf3 Bd6 25. Rd3 Be8 26. Ke2 Rd8 27. Rhd1 Rd7 28. Nh2
h5 29. Nf3 Rg8 30. Nh4 Kf8 31. Nf5 1-0

[Event "2nd Kolkata GM Open 2015"]
[Site "Kolkata IND"]
[Date "2015.03.21"]
[Round "6.12"]
[White "Rahman, Ziaur"]
[Black "Das, Sayantan"]
[Result "1/2-1/2"]
[WhiteTitle "GM"]
[BlackTitle "IM"]
[WhiteElo "2496"]
[BlackElo "2433"]
[WhiteFideId "10200037"]
[BlackFideId "5034426"]
[EventDate "2015.03.16"]

1. Nf3 d5 2. g3 Nf6 3. Bg2 c6 4. O-O Bg4 5. d3 Nbd7 6. c4 dxc4 7. dxc4 e5 8. Nc3
Qc7 9. Qc2 Be7 10. Nh4 O-O 11. Nf5 Bb4 12. Bd2 a5 13. h3 Bh5 14. a3 Bd6 15. Nxd6
Qxd6 16. Be3 Nc5 17. Rad1 Qe7 18. b4 axb4 19. axb4 Ne6 20. c5 Rfd8 21. Rxd8+
Rxd8 22. Rd1 Nd4 23. Bxd4 exd4 24. Ne4 Nxe4 25. Bxe4 Bg6 26. Bxg6 hxg6 27. Qc4
Qf6 28. Qd3 Rd5 29. Qe4 Qd8 30. Kg2 Qd7 1/2-1/2

[Event "2nd Kolkata GM Open 2015"]
[Site "Kolkata IND"]
[Date "2015.03.21"]
[Round "6.13"]
[White "Kunte, Abhijit"]
[Black "Sriram, Jha"]
[Result "1/2-1/2"]
[WhiteTitle "GM"]
[BlackTitle "GM"]
[WhiteElo "2485"]
[BlackElo "2409"]
[WhiteFideId "5002265"]
[BlackFideId "5001668"]
[EventDate "2015.03.16"]

1. d4 Nf6 2. c4 c6 3. Nc3 d5 4. e3 a6 5. Nf3 b5 6. c5 Bg4 7. h3 Bxf3 8. gxf3
Nbd7 9. f4 g6 10. Bd3 Bg7 11. Bd2 O-O 12. Qc2 Nh5 13. Be2 f5 14. Bxh5 gxh5 15.
Ne2 e6 16. Nc1 Kh8 17. Nd3 a5 18. O-O-O Bf6 19. Rdg1 Rg8 20. Qd1 Qe8 21. Rxg8+
Kxg8 22. Rg1+ Kh8 23. Qe1 a4 24. Ba5 Rc8 25. Qf1 Qf7 26. Qg2 Bh4 27. Kc2 Bf6 28.
Qf3 Bh4 29. Qg2 Bf6 30. Ne1 Ra8 31. Bb4 Nf8 32. Nf3 Ng6 33. Ng5 Bxg5 34. Qxg5
Ne7 35. Qh4 h6 36. f3 Kh7 37. Be1 Ng8 38. Qg3 Nf6 39. Qh2 Rg8 40. Bh4 Nd7 41.
Rxg8 Qxg8 42. Qg3 Qxg3 43. Bxg3 Kg6 44. Kc3 Kf7 45. Kb4 Nf8 46. Ka5 Ke7 47. Kb6
Kd7 48. Bh4 Ng6 49. Bf6 Nf8 50. Ka5 Ng6 51. Kb4 Ke8 52. Bg7 Kd7 53. Bxh6 Kc7 54.
Bg5 Kb7 1/2-1/2

[Event "2nd Kolkata GM Open 2015"]
[Site "Kolkata IND"]
[Date "2015.03.21"]
[Round "6.14"]
[White "Ortiz Suarez, Isan Reynaldo"]
[Black "Abhishek, Kelkar"]
[Result "1-0"]
[WhiteTitle "GM"]
[WhiteElo "2625"]
[BlackElo "2343"]
[WhiteFideId "3507165"]
[BlackFideId "5019257"]
[EventDate "2015.03.16"]

1. e4 e5 2. Nf3 Nc6 3. Bb5 a6 4. Ba4 Nf6 5. O-O Be7 6. d3 d6 7. c4 O-O 8. h3 Nd7
9. Nc3 Nc5 10. Bxc6 bxc6 11. d4 exd4 12. Nxd4 Bd7 13. Be3 Re8 14. Qc2 Bf6 15.
Nde2 Ne6 16. Rad1 Nf8 17. c5 Qb8 18. cxd6 cxd6 19. Bf4 Be5 20. Bxe5 dxe5 21. Na4
a5 22. Nc5 Bc8 23. Rd2 Ba6 24. Rfd1 Bxe2 25. Rxe2 Ne6 26. Nxe6 Rxe6 27. Red2 h6
28. Rd7 Rf6 29. R1d3 Qb6 30. Rb3 Qa6 31. a4 Qc8 32. Qd3 Qf8 33. Qc3 Rd8 34. Rbb7
Rxd7 35. Rxd7 Qb8 36. Rd2 Qc7 37. Qc5 Re6 38. h4 Qe7 39. Qxa5 Qxh4 40. Qd8+ Qxd8
41. Rxd8+ Kh7 42. Rd7 f6 43. a5 c5 44. Rc7 Re8 45. a6 Re6 46. a7 Ra6 47. Kf1 c4
48. Ke2 h5 49. g3 Kh6 50. f4 g6 51. Rf7 Ra4 52. Kf3 Ra5 53. Kg2 Ra2 54. Kh3 Ra1
55. Rxf6 Rxa7 56. f5 Rg7 57. Kh4 Kh7 58. Rxg6 Rb7 59. Rc6 Rxb2 60. Rxc4 1-0

[Event "2nd Kolkata GM Open 2015"]
[Site "Kolkata IND"]
[Date "2015.03.21"]
[Round "6.15"]
[White "Kotsur, Pavel"]
[Black "Gusain, Himal"]
[Result "1-0"]
[WhiteTitle "GM"]
[WhiteElo "2567"]
[BlackElo "2343"]
[WhiteFideId "13700278"]
[BlackFideId "5033861"]
[EventDate "2015.03.16"]

1. c4 e5 2. g3 Nf6 3. Bg2 d5 4. cxd5 Nxd5 5. Nf3 Nc6 6. O-O Nb6 7. b3 Be7 8. Bb2
f6 9. d3 O-O 10. Nbd2 Be6 11. a3 a5 12. Qc2 Qd7 13. Rfd1 Rfd8 14. Ne4 a4 15.
Nfd2 axb3 16. Nxb3 Na4 17. Nbc5 Nxc5 18. Nxc5 Bxc5 19. Qxc5 Bd5 20. Bxd5+ Qxd5
21. Rdc1 Qd7 22. Rab1 Rdc8 23. Qb5 Rab8 24. Rc4 Qd6 25. Rbc1 Ne7 26. a4 c6 27.
Qb3 Qe6 28. a5 Nf5 29. Rb4 Qxb3 30. Rxb3 Nd6 31. Rb6 Nb5 32. Kf1 Nc7 33. Ba3 Nd5
34. Rb3 Ra8 35. e4 Nc7 36. Rxb7 Rxa5 37. Rxc6 Rxa3 38. Ke2 g5 39. Rcxc7 Rxc7 40.
Rxc7 g4 41. h4 gxh3 42. Rc1 Kg7 43. Rh1 Kg6 44. Rxh3 Ra1 45. g4 Kg5 46. Kf3 Rd1
47. Rh5+ Kg6 48. Ke2 Rg1 49. f3 Ra1 50. Rf5 Rg1 51. Kf2 Rd1 52. g5 fxg5 53. Ke2
Ra1 54. Rxe5 h5 55. Kf2 h4 56. Kg2 Ra2+ 57. Kh3 Rd2 58. d4 Kh5 59. d5 Rd1 60.
Re8 Rh1+ 61. Kg2 Rd1 62. Kf2 Kg6 63. Ra8 Kf6 64. Ra6+ Ke5 65. Rg6 Kd4 66. Rxg5
Rd2+ 67. Kg1 Ke3 68. Rf5 h3 69. Kh1 Rg2 70. d6 Rg8 71. Kh2 1-0

[Event "2nd Kolkata GM Open 2015"]
[Site "Kolkata IND"]
[Date "2015.03.21"]
[Round "6.16"]
[White "Girinath, P.D.S."]
[Black "Abdulla, Al-Rakib"]
[Result "1/2-1/2"]
[WhiteTitle "IM"]
[BlackTitle "GM"]
[WhiteElo "2334"]
[BlackElo "2521"]
[WhiteFideId "5000572"]
[BlackFideId "10200444"]
[EventDate "2015.03.16"]

1. e4 e5 2. Nf3 Nc6 3. Nc3 g6 4. d4 exd4 5. Nxd4 Bg7 6. Be3 Nf6 7. Nxc6 bxc6 8.
e5 Ng8 9. Qd2 Bxe5 10. O-O-O d5 11. h3 Be6 12. f4 Bg7 13. g4 Nf6 14. Qf2 Rb8 15.
Bg2 Qc8 16. Bd4 O-O 17. f5 Qb7 18. b3 c5 19. Bxf6 Bxf6 20. Qxc5 Qb6 21. Qxb6
axb6 22. fxe6 Bxc3 23. exf7+ Kxf7 24. Bxd5+ Kg7 25. Rd3 Bb4 26. Kb2 Rf2 27. a3
Bd6 28. Re1 Rbf8 29. Rde3 Rd2 30. Bc4 Rff2 31. R1e2 Rdxe2 32. Rxe2 Rxe2 33. Bxe2
Kf6 34. b4 c5 35. Kb3 Ke5 36. Kc4 cxb4 37. axb4 Kf4 38. h4 h5 39. gxh5 gxh5 40.
Bxh5 Kg3 1/2-1/2

[Event "2nd Kolkata GM Open 2015"]
[Site "Kolkata IND"]
[Date "2015.03.21"]
[Round "6.17"]
[White "Oral, Tomas"]
[Black "Kunal, M."]
[Result "1/2-1/2"]
[WhiteTitle "GM"]
[WhiteElo "2519"]
[BlackElo "2327"]
[WhiteFideId "303739"]
[BlackFideId "5018250"]
[EventDate "2015.03.16"]

1. e4 c6 2. d4 d5 3. exd5 cxd5 4. c4 Nf6 5. Nc3 Nc6 6. Bg5 Be6 7. Bxf6 gxf6 8.
c5 Qd7 9. Nge2 Bf5 10. Ng3 e5 11. dxe5 O-O-O 12. Be2 Rg8 13. O-O fxe5 14. Nxd5
Qxd5 15. Qxd5 Rxd5 16. Nxf5 Rxc5 17. Rac1 Rxc1 18. Rxc1 Kd7 19. Bc4 Ke8 20. Ba6
Nd4 21. Nxd4 bxa6 22. Nf3 e4 23. Ne5 Rg5 24. Rc8+ Ke7 25. Nc6+ Kf6 26. Rxf8 Rc5
27. g4 Rxc6 28. Re8 Re6 29. Rh8 e3 30. fxe3 Rxe3 31. Rxh7 Re2 32. Rh6+ Kg5 33.
Rxa6 Rxb2 34. h3 Kh4 35. Ra3 f6 36. Kf1 a6 37. Ke1 Rh2 38. Rxa6 Kxh3 39. Rxf6
Rxa2 40. g5 Kg4 41. g6 Ra8 1/2-1/2

[Event "2nd Kolkata GM Open 2015"]
[Site "Kolkata IND"]
[Date "2015.03.21"]
[Round "6.18"]
[White "Kathmale, Sameer"]
[Black "Ankit, R. Rajpara"]
[Result "0-1"]
[WhiteTitle "IM"]
[BlackTitle "GM"]
[WhiteElo "2322"]
[BlackElo "2477"]
[WhiteFideId "5024498"]
[BlackFideId "5023335"]
[EventDate "2015.03.16"]

1. e4 c6 2. d4 d5 3. Nd2 g6 4. Ngf3 Bg7 5. c3 Nh6 6. Bd3 O-O 7. O-O f6 8. Re1
Nf7 9. b3 Re8 10. c4 Nd7 11. Bb2 dxe4 12. Bxe4 f5 13. Bc2 c5 14. Rb1 cxd4 15.
Nxd4 e5 16. Nb5 a6 17. Nc3 Nc5 18. Nf1 Ne6 19. Qxd8 Rxd8 20. Nd5 Bd7 21. b4 Bc6
22. Ne7+ Kf8 23. Nxc6 bxc6 24. c5 e4 25. Bxg7+ Kxg7 26. Bb3 Nd4 27. Bxf7 Kxf7
28. Ne3 a5 29. a3 axb4 30. axb4 Ra2 31. Ra1 Rda8 32. Rxa2 Rxa2 33. Rd1 Ne2+ 34.
Kf1 Nc3 35. Rc1 Nb5 36. Nc4 Ke6 37. Rd1 Nc3 38. Rd6+ Ke7 39. g3 Nd5 40. Rxc6
Nxb4 41. Rc7+ Ke6 42. Rxh7 Nd3 43. Rg7 Rxf2+ 44. Kg1 Rc2 45. Ne3 Rc1+ 46. Kg2
Kf6 47. Rc7 Rxc5 48. Rxc5 Nxc5 49. h4 Nd3 50. Kf1 Ke5 51. Ke2 Nb4 52. Nc4+ Kd4
53. Nd6 Ke5 54. Nc4+ Kd5 55. Ne3+ Ke6 56. Ng2 Nd5 57. Ne1 Ke5 58. Nc2 f4 59. g4
Nf6 60. g5 Ng4 61. Ne1 f3+ 0-1

[Event "2nd Kolkata GM Open 2015"]
[Site "Kolkata IND"]
[Date "2015.03.21"]
[Round "6.19"]
[White "Vijayalakshmi, Subbaraman"]
[Black "Das, Arghyadip"]
[Result "0-1"]
[WhiteTitle "IM"]
[BlackTitle "IM"]
[WhiteElo "2319"]
[BlackElo "2461"]
[WhiteFideId "5004098"]
[BlackFideId "5003610"]
[EventDate "2015.03.16"]

1. d4 d5 2. Nf3 Nf6 3. e3 g6 4. c4 dxc4 5. Bxc4 Bg7 6. O-O Nc6 7. Nc3 O-O 8. h3
Bf5 9. Nh4 Bd7 10. e4 e5 11. d5 Na5 12. Be2 Nxe4 13. Nxe4 Qxh4 14. Bd3 Qe7 15.
Bg5 f6 16. Bd2 b6 17. Bxa5 bxa5 18. Rc1 f5 19. Nc5 e4 20. Ba6 Kh8 21. Qb3 Rab8
22. Qc4 Rb4 23. Qc2 Rxb2 24. Qc4 Rb4 25. Qc2 Be5 26. a3 Rb2 27. Qc4 Rfb8 28.
Rfd1 e3 29. f4 Qh4 30. Nd3 Qg3 31. Nxb2 Rxb2 32. Rc2 Rxc2 33. Qxc2 Qxf4 34. g3
Qxg3+ 35. Qg2 Qh4 36. Bf1 Kg7 37. Qf3 Qg3+ 38. Qxg3 Bxg3 39. Kg2 Bd6 40. Rd3 f4
41. Rb3 g5 42. Be2 Bf5 43. Bf3 a4 44. Rb7 Bd3 45. Rb2 Kg6 46. Be2 Bxe2 47. Rxe2
h5 48. Kf3 Kf5 49. Rg2 Bxa3 50. Ra2 g4+ 51. hxg4+ hxg4+ 52. Ke2 Bc5 53. Rxa4 f3+ 0-1

[Event "2nd Kolkata GM Open 2015"]
[Site "Kolkata IND"]
[Date "2015.03.21"]
[Round "6.20"]
[White "Kulkarni, Rakesh"]
[Black "Neelotpal, Das"]
[Result "1/2-1/2"]
[BlackTitle "GM"]
[WhiteElo "2282"]
[BlackElo "2446"]
[WhiteFideId "5037077"]
[BlackFideId "5003512"]
[EventDate "2015.03.16"]

1. e4 e6 2. d4 d5 3. exd5 exd5 4. c4 Nf6 5. Nc3 Bb4 6. Bd3 O-O 7. cxd5 Nxd5 8.
Ne2 Nc6 9. O-O Re8 10. Qc2 h6 11. Nxd5 Qxd5 12. Bc4 Qf5 13. Bd3 Qf6 14. Be3 Bd6
15. a3 Bg4 16. Rad1 Qh4 17. h3 Bxh3 18. gxh3 Qxh3 19. Nf4 Qh4 20. Bh7+ Kh8 21.
Qf5 Ne7 22. Qe4 Bxf4 23. Qxf4 Qxf4 24. Bxf4 Nd5 25. Bxc7 Kxh7 26. Bg3 Re2 27. b4
Rae8 28. Rc1 b6 29. Rfd1 R8e6 30. Rc8 Re1+ 31. Rxe1 Rxe1+ 32. Kg2 Ra1 33. Rd8
Nf6 34. d5 Rxa3 35. d6 Kg6 36. Rb8 Rb3 37. Rb7 Rxb4 38. Rxa7 Rb3 39. Rb7 b5 40.
Kf1 Ne4 41. Bh2 f6 42. Ke2 Rb2+ 43. Ke3 f5 44. d7 Rb3+ 45. Ke2 Rb2+ 46. Ke3 Rb3+
47. Ke2 Rb2+ 48. Ke3 Rb3+ 49. Ke2 Rb2+ 50. Ke3 Rb3+ 51. Ke2 Rb2+ 1/2-1/2

[Event "2nd Kolkata GM Open 2015"]
[Site "Kolkata IND"]
[Date "2015.03.22"]
[Round "7.1"]
[White "Short, Nigel D"]
[Black "Stupak, Kirill"]
[Result "1/2-1/2"]
[WhiteTitle "GM"]
[BlackTitle "GM"]
[WhiteElo "2664"]
[BlackElo "2567"]
[WhiteFideId "400025"]
[BlackFideId "13503758"]
[EventDate "2015.03.16"]

1. e4 e6 2. d4 d5 3. Nc3 Nc6 4. Nf3 Nf6 5. Bd3 Bb4 6. e5 Ne4 7. O-O Nxc3 8. bxc3
Bxc3 9. Rb1 Bb4 10. c4 dxc4 11. Be4 Be7 12. Qa4 Bd7 13. Qxc4 Na5 14. Qc2 c5 15.
Bd2 cxd4 16. Bxa5 Qxa5 17. Rxb7 Rc8 18. Qb1 Bc6 19. Bxc6+ Rxc6 20. Qe4 Rb6 21.
Rxb6 Qxb6 22. Rb1 Qc7 23. g3 O-O 24. Rb7 Qd8 25. Qxd4 Qxd4 26. Nxd4 Bc5 27. Nb3
Bb6 28. a4 Ra8 29. a5 Bd8 30. a6 Bb6 31. Nd2 h6 32. Nc4 Bd4 33. Rd7 Bc5 34. Rc7
Bd4 35. Kg2 Rd8 36. f4 Rd5 37. h4 h5 38. Kf3 Rc5 39. Rxc5 Bxc5 40. g4 g6 41. Nd2
Be7 42. Kg3 hxg4 43. Kxg4 Kf8 44. Ne4 Ke8 45. h5 gxh5+ 46. Kxh5 Kd7 47. Kh6 Ba3
48. Kg7 Ke7 49. Nf6 Bc1 50. Ng8+ Ke8 51. Nf6+ Ke7 52. Ng8+ 1/2-1/2

[Event "2nd Kolkata GM Open 2015"]
[Site "Kolkata IND"]
[Date "2015.03.22"]
[Round "7.2"]
[White "Wang, Chen"]
[Black "Ganguly, Surya Shekhar"]
[Result "1/2-1/2"]
[WhiteTitle "IM"]
[BlackTitle "GM"]
[WhiteElo "2500"]
[BlackElo "2603"]
[WhiteFideId "8601020"]
[BlackFideId "5002150"]
[EventDate "2015.03.16"]

1. e4 e6 2. d4 d5 3. exd5 exd5 4. Bd3 c5 5. Qe2+ Be7 6. dxc5 Nf6 7. Nf3 O-O 8.
O-O Bxc5 9. Bg5 h6 10. Bh4 g5 11. Bg3 Re8 12. Qd1 Ne4 13. Nc3 Nxc3 14. bxc3 Nc6
15. Re1 Bg4 16. Rxe8+ Qxe8 17. h3 Bh5 18. Bh2 Rd8 19. g4 Bg6 20. Bxg6 fxg6 21.
Qd3 Qf7 22. Re1 Kh7 23. Bg3 a6 24. a4 Bf8 25. Nd4 Re8 26. Rxe8 Qxe8 27. Qf3 Qe1+
28. Kh2 Bg7 29. Qxd5 Qxc3 30. Ne6 Qxc2 31. Qd7 Qb2 32. Qf7 1/2-1/2

[Event "2nd Kolkata GM Open 2015"]
[Site "Kolkata IND"]
[Date "2015.03.22"]
[Round "7.3"]
[White "Lu, Shanglei"]
[Black "Gagare, Shardul"]
[Result "1-0"]
[WhiteTitle "GM"]
[BlackTitle "IM"]
[WhiteElo "2570"]
[BlackElo "2417"]
[WhiteFideId "8603332"]
[BlackFideId "5037883"]
[EventDate "2015.03.16"]

1. e4 c6 2. Nc3 d5 3. d4 dxe4 4. Nxe4 Bf5 5. Ng3 Bg6 6. Nh3 Nf6 7. Nf4 e5 8.
dxe5 Qa5+ 9. Bd2 Qxe5+ 10. Be2 Nbd7 11. O-O O-O-O 12. Qc1 Qc7 13. b4 Bd6 14. a4
Nd5 15. Nxd5 cxd5 16. Be3 Kb8 17. c3 h5 18. Rd1 h4 19. Nf1 h3 20. g3 Ne5 21. f4
Nc4 22. Bd4 Rde8 23. Re1 Be4 24. Bxc4 dxc4 25. Qe3 b6 26. a5 b5 27. a6 Bc6 28.
Qf2 Ba8 29. Rxe8+ Rxe8 30. Re1 Rd8 31. Nd2 Qc6 32. Bxa7+ Kc7 33. Kf1 Qh1+ 34.
Ke2 Re8+ 35. Kd1 Rxe1+ 36. Qxe1 Qc6 37. Bd4 Qxa6 38. Bxg7 Qa4+ 39. Ke2 Qc2 40.
Qb1 Bf3+ 41. Ke3 Qxb1 42. Nxb1 Bg4 43. Be5 Bxe5 44. fxe5 Kc6 45. Kd4 Be6 46. Nd2
Bd5 47. Ne4 1-0

[Event "2nd Kolkata GM Open 2015"]
[Site "Kolkata IND"]
[Date "2015.03.22"]
[Round "7.4"]
[White "Sengupta, Deep"]
[Black "Gopal, G.N."]
[Result "1/2-1/2"]
[WhiteTitle "GM"]
[BlackTitle "GM"]
[WhiteElo "2567"]
[BlackElo "2575"]
[WhiteFideId "5008352"]
[BlackFideId "5015693"]
[EventDate "2015.03.16"]

1. e4 c5 2. Nf3 e6 3. d4 cxd4 4. Nxd4 Nc6 5. Nc3 Qc7 6. Be3 a6 7. Be2 Nf6 8. O-O
Be7 9. f4 d6 10. Kh1 Nxd4 11. Qxd4 O-O 12. a4 Bd7 13. e5 Ne8 14. Bf3 Bc6 15. Ne4
f6 16. exf6 Nxf6 17. Ng5 Bxf3 18. Rxf3 Qd7 19. Qd3 h6 20. Rh3 e5 21. Qb3+ d5 22.
fxe5 hxg5 23. exf6 Bxf6 24. Qd3 g4 25. Rh5 Qe6 26. c3 Rfe8 27. Bd2 Rad8 28. Qh7+
Kf7 29. Rf1 Rh8 30. Qf5 g6 31. Qxe6+ Kxe6 32. Rxh8 Rxh8 33. Be3 Be5 34. Bg1 Rc8
35. Re1 Kf6 36. Bb6 Rc4 37. Ra1 Re4 38. Rf1+ Ke6 39. a5 Re2 40. Rb1 Kf5 41. Kg1
Ke4 42. Kf1 Kd3 43. h3 g3 44. Bc5 Rc2 45. Rd1+ Rd2 46. Ke1 Bf4 47. Rxd2+ Bxd2+
48. Kd1 Bf4 49. Bb6 Be5 50. Bd8 Bf4 51. Bb6 Bb8 52. Bd8 Ke3 53. Bb6+ Kd3 54. Bd8
Be5 55. Bb6 Bf4 56. Bd8 d4 57. cxd4 Kxd4 58. Ke2 Ke4 59. Bf6 Bd6 60. Bc3 Bc7 61.
Be1 Be5 62. b3 Bd6 63. Bc3 Bc7 64. Be1 Bb8 65. Bc3 Bd6 66. Be1 Be5 1/2-1/2

[Event "2nd Kolkata GM Open 2015"]
[Site "Kolkata IND"]
[Date "2015.03.22"]
[Round "7.5"]
[White "Sandipan, Chanda"]
[Black "Kovalev, Vladislav"]
[Result "1-0"]
[WhiteTitle "GM"]
[BlackTitle "GM"]
[WhiteElo "2569"]
[BlackElo "2531"]
[WhiteFideId "5004225"]
[BlackFideId "13504398"]
[EventDate "2015.03.16"]

1. d4 Nf6 2. c4 g6 3. Nc3 Bg7 4. e4 d6 5. Be2 O-O 6. Bg5 c5 7. d5 b5 8. cxb5 a6
9. f3 h6 10. Be3 e6 11. dxe6 Bxe6 12. Nh3 Bxh3 13. gxh3 Re8 14. O-O d5 15. Bxc5
Qc8 16. Bd4 axb5 17. e5 Nfd7 18. f4 b4 19. Nxd5 Nc6 20. Rc1 Qb7 21. Bf3 Rac8 22.
Rxc6 Rxc6 23. Nxb4 Nxe5 24. Nxc6 Nxc6 25. Bxg7 Kxg7 26. Kh1 Qb5 27. f5 Ne5 28.
fxg6 fxg6 29. b3 Rd8 30. Qa1 Rd2 31. Re1 Kf6 32. a4 Qc5 33. a5 Kf5 34. Be4+ Kg5
35. a6 Nd3 36. Rg1+ Kf4 37. Rg4+ Ke3 38. Bxd3 Qd5+ 39. Kg1 Kxd3 40. a7 Kc2 41.
Rc4+ Kxb3 42. Qc3+ 1-0

[Event "2nd Kolkata GM Open 2015"]
[Site "Kolkata IND"]
[Date "2015.03.22"]
[Round "7.6"]
[White "Swapnil, S. Dhopade"]
[Black "Kotsur, Pavel"]
[Result "0-1"]
[WhiteTitle "IM"]
[BlackTitle "GM"]
[WhiteElo "2450"]
[BlackElo "2567"]
[WhiteFideId "5019184"]
[BlackFideId "13700278"]
[EventDate "2015.03.16"]

1. d4 Nf6 2. c4 e6 3. Nf3 d5 4. Nc3 dxc4 5. e4 Bb4 6. Bxc4 Nxe4 7. O-O Nxc3 8.
bxc3 Be7 9. Ne5 O-O 10. Qg4 Nc6 11. Re1 Kh8 12. Bf4 Nxe5 13. dxe5 f5 14. exf6
Bxf6 15. Rad1 Qe7 16. Bd3 Qf7 17. Qh3 g6 18. Qg3 Qg7 19. Bxc7 Bxc3 20. Bc4 Bf6
21. Bxe6 Bxe6 22. Rxe6 Rae8 23. Rxe8 Rxe8 24. Bf4 Qf7 25. Qb3 Qxb3 26. axb3 Kg8
27. Kf1 Kf7 28. Be3 a6 29. Ke2 Ke6 30. Rc1 Rd8 31. b4 Be7 32. Rc4 Rd5 33. g4 Bd6
34. h3 a5 35. Re4+ Kd7 36. bxa5 Rxa5 37. h4 b5 38. h5 gxh5 39. gxh5 b4 40. h6 b3
41. Bd4 b2 42. Bxb2 Ra2 43. Rg4 Rxb2+ 44. Kf3 Be5 45. Ra4 Rb6 46. Rh4 Ke6 47.
Rh5 Kf6 48. Ke3 Rb3+ 49. Ke4 Rb4+ 50. Kf3 Bd4 51. Rd5 Kg6 52. Rd6+ Bf6 53. Kg3
Rb5 54. f4 Rh5 55. Kg4 Rh4+ 56. Kg3 Rxh6 57. Ra6 Rh1 58. Kg4 Rg1+ 59. Kf3 Rb1
60. Ra5 h5 61. Kg3 Rb3+ 62. Kg2 Bh4 63. Re5 Rg3+ 64. Kf2 Ra3+ 65. Kg2 Rb3 66.
Ra5 Rg3+ 67. Kh2 Rf3 68. f5+ Kf6 69. Kg2 Rb3 70. Kh2 Bg3+ 71. Kg2 Be5 72. Ra4
Kxf5 73. Rh4 Kg5 74. Ra4 Bf4 75. Ra2 Kg4 76. Rc2 Rb1 0-1

[Event "2nd Kolkata GM Open 2015"]
[Site "Kolkata IND"]
[Date "2015.03.22"]
[Round "7.7"]
[White "Kostenko, Petr"]
[Black "Kokarev, Dmitry"]
[Result "1/2-1/2"]
[WhiteTitle "GM"]
[BlackTitle "GM"]
[WhiteElo "2466"]
[BlackElo "2638"]
[WhiteFideId "13700669"]
[BlackFideId "4132181"]
[EventDate "2015.03.16"]

1. e4 c5 2. Nf3 d6 3. Bb5+ Bd7 4. Bxd7+ Qxd7 5. c4 Nf6 6. Nc3 g6 7. O-O Bg7 8.
d4 cxd4 9. Nxd4 O-O 10. f3 Rc8 11. b3 d5 12. exd5 Nxd5 13. Nxd5 e6 14. Bh6 exd5
15. Bxg7 Kxg7 16. Nb5 dxc4 17. Nd6 Rd8 18. Nxb7 Qxd1 19. Rfxd1 Rxd1+ 20. Rxd1
cxb3 21. axb3 Nc6 22. Rd6 Rb8 23. Rxc6 Rxb7 24. Ra6 Rxb3 25. Rxa7 Rb1+ 26. Kf2
Rb2+ 27. Kg3 h5 28. h4 Kf6 29. Kh3 Rb3 30. Kg3 Rb4 31. Ra6+ Kg7 1/2-1/2

[Event "2nd Kolkata GM Open 2015"]
[Site "Kolkata IND"]
[Date "2015.03.22"]
[Round "7.8"]
[White "Quesada Perez, Yuniesky"]
[Black "Xu, Yinglun"]
[Result "1-0"]
[WhiteTitle "GM"]
[WhiteElo "2637"]
[BlackElo "2443"]
[WhiteFideId "3504409"]
[BlackFideId "8604940"]
[EventDate "2015.03.16"]

1. e4 c5 2. Nf3 d6 3. d4 cxd4 4. Nxd4 Nf6 5. Nc3 e6 6. g4 a6 7. g5 Nfd7 8. h4 b5
9. a3 Bb7 10. Be3 Nc6 11. h5 Be7 12. Rg1 g6 13. Nxc6 Bxc6 14. Qd4 Rg8 15. hxg6
hxg6 16. O-O-O Ne5 17. Be2 Bb7 18. f4 Nc6 19. Qd2 Qa5 20. Kb1 Rc8 21. Bg4 b4 22.
Nd5 bxa3 23. b4 Qa4 24. Nb6 Qxb4+ 25. Qxb4 Nxb4 26. Nxc8 Bxc8 27. c3 Nc6 28. Bb6
Bb7 29. Ka2 Nb8 30. Bc7 Kd7 31. Bxd6 Bxd6 32. e5 Rc8 33. Rxd6+ Ke7 34. Rb1 Rc7
35. Be2 Nd7 36. Bxa6 Bxa6 37. Rxa6 Rxc3 38. Rb7 Rd3 39. Rxa3 Rd5 40. Kb2 Kd8 41.
Ra8+ Ke7 42. Ra6 Ke8 43. Kc3 Rc5+ 44. Kd4 Rd5+ 45. Ke3 Ke7 46. Ra8 Rc5 47. Ra4
Kd8 48. Raa7 Rd5 49. Ra8+ Ke7 50. Ra6 Rd1 51. Ra4 Rd5 52. Rd4 Rxd4 53. Kxd4 Kd8
54. Ra7 Ke8 55. Rb7 1-0

[Event "2nd Kolkata GM Open 2015"]
[Site "Kolkata IND"]
[Date "2015.03.22"]
[Round "7.9"]
[White "Das, Arghyadip"]
[Black "Ortiz Suarez, Isan Reynaldo"]
[Result "0-1"]
[WhiteTitle "IM"]
[BlackTitle "GM"]
[WhiteElo "2461"]
[BlackElo "2625"]
[WhiteFideId "5003610"]
[BlackFideId "3507165"]
[EventDate "2015.03.16"]

1. e4 c5 2. Nf3 d6 3. d4 cxd4 4. Nxd4 Nf6 5. Nc3 a6 6. Be2 e5 7. Nb3 Be7 8. O-O
O-O 9. Kh1 b6 10. Be3 Bb7 11. f3 Nbd7 12. a4 Qc7 13. Nc1 Rac8 14. N1a2 d5 15.
exd5 Rfd8 16. Bd3 Nc5 17. Be4 Ne6 18. Qe2 Nf4 19. Bxf4 exf4 20. Rad1 Bd6 21. Rd4
Qe7 22. Rfd1 g6 23. Bd3 Qxe2 24. Bxe2 a5 25. Bb5 0-1

[Event "2nd Kolkata GM Open 2015"]
[Site "Kolkata IND"]
[Date "2015.03.22"]
[Round "7.10"]
[White "Lalith, Babu M.R."]
[Black "Lin, Chen"]
[Result "1/2-1/2"]
[WhiteTitle "GM"]
[BlackTitle "IM"]
[WhiteElo "2556"]
[BlackElo "2448"]
[WhiteFideId "5024595"]
[BlackFideId "8602298"]
[EventDate "2015.03.16"]

1. d4 Nf6 2. c4 g6 3. Nc3 Bg7 4. e4 d6 5. Be2 O-O 6. Bg5 c5 7. d5 e6 8. Qd2 exd5
9. exd5 Qb6 10. Nf3 Bf5 11. Nh4 Ne4 12. Nxe4 Bxe4 13. f3 h6 14. Bxh6 Bxh6 15.
Qxh6 Qxb2 16. O-O Bc2 17. Qd2 Qd4+ 18. Qxd4 cxd4 19. Rac1 d3 20. Bd1 Nd7 21.
Bxc2 dxc2 22. Rxc2 Rac8 23. f4 Rfe8 24. Nf3 Re4 25. Nd2 Re2 26. Rf2 Re1+ 27. Rf1
Re2 28. Rfc1 Nc5 29. Kf1 Rce8 30. Nb3 Nxb3 31. axb3 R2e4 32. g3 b6 33. b4 Rd4
34. Re1 Rc8 35. Re7 b5 36. c5 dxc5 37. bxc5 Rxd5 38. c6 Rd6 39. Rxa7 Rdxc6 40.
Rxc6 Rxc6 1/2-1/2

[Event "2nd Kolkata GM Open 2015"]
[Site "Kolkata IND"]
[Date "2015.03.22"]
[Round "7.11"]
[White "Rathnakaran, K."]
[Black "Rahman, Ziaur"]
[Result "1-0"]
[WhiteTitle "IM"]
[BlackTitle "GM"]
[WhiteElo "2411"]
[BlackElo "2496"]
[WhiteFideId "5005507"]
[BlackFideId "10200037"]
[EventDate "2015.03.16"]

1. e4 c6 2. d3 d5 3. Nd2 e5 4. Ngf3 Bd6 5. g3 Nf6 6. Bg2 O-O 7. O-O Re8 8. b3
Bg4 9. h3 Bh5 10. Bb2 Nbd7 11. Qe2 Qc7 12. Rfe1 a5 13. a3 b5 14. Qf1 dxe4 15.
dxe4 Nc5 16. Nh4 Rad8 17. Re3 Bf8 18. Qe1 Ne6 19. Ndf3 Nd4 20. Nxd4 exd4 21. Rd3
c5 22. a4 b4 23. f4 h6 24. g4 Bg6 25. Nxg6 fxg6 26. e5 g5 27. Qf1 Nd5 28. Bxd5+
Rxd5 29. Bc1 c4 30. Rf3 cxb3 31. cxb3 d3 32. Rxd3 Rxd3 33. Qxd3 Rd8 34. Qf3 Qc2
35. Be3 Rd3 36. Re1 Qc3 37. Kf2 gxf4 38. Qxf4 Qxb3 39. Rf1 Be7 40. Rc1 Rd8 41.
Qe4 Qd5 42. Qxd5+ Rxd5 43. e6 Bf6 44. Rc8+ Kh7 45. Rb8 Rd6 46. Bb6 b3 47. Bxa5
b2 48. e7 Re6 49. Bd8 Bd4+ 50. Kf3 Re3+ 51. Kg2 Kg6 52. a5 Kf7 53. a6 Rg3+ 54.
Kh2 Ra3 55. e8=Q+ Kxe8 56. Bf6+ 1-0